| 000 | 00930cam a2200337 4500500 | ||
|---|---|---|---|
| 005 | 20260329003918.0 | ||
| 041 | _afre | ||
| 042 | _adc | ||
| 100 | 1 | 0 |
_aEltchaninoff, Michel _eauthor |
| 245 | 0 | 0 | _aLes huit piliers de l’autorité |
| 260 | _c2017. | ||
| 500 | _a81 | ||
| 690 | _aAutorité | ||
| 690 | _aBlaise Pascal | ||
| 690 | _aConfucius | ||
| 690 | _aDenis Diderot | ||
| 690 | _aGuy Roux | ||
| 690 | _aHabermas | ||
| 690 | _aLiu Xiaobo | ||
| 690 | _aMax Weber | ||
| 690 | _aMichel Eltchaninoff | ||
| 690 | _aMichelle Obama | ||
| 690 | _aPlaton | ||
| 690 | _aRobert Filmer | ||
| 690 | _aStéphane Hessel | ||
| 690 | _aStephen Hawking | ||
| 690 | _aThomas Hobbes | ||
| 690 | _aVladimir Poutine | ||
| 786 | 0 | _nPhilosophie magazine | 112 | 9 | 2017-09-01 | p. 25-26 | 1951-1787 | |
| 856 | 4 | 1 | _uhttps://shs.cairn.info/magazine-philosophie-magazine-2017-9-page-25?lang=fr&redirect-ssocas=7080 |
| 999 |
_c1828911 _d1828911 |
||